| 000 | 00404nam a2200181Ia 4500 | ||
|---|---|---|---|
| 001 | 7978 | ||
| 005 | 20260306160535.0 | ||
| 008 | 260306t2012||||xx |||||||||||||| ||spa|| | ||
| 041 | _aESP | ||
| 082 |
_a364.4 _bR56 |
||
| 100 |
_aRieff, David _eAUT |
||
| 245 | 0 | _aContra la memoria | |
| 260 | _c2012 | ||
| 300 |
_a116 páginas : _c24 cm. |
||
| 650 | _aGEN | ||
| 654 | _aCPS | ||
| 942 |
_cLIB _dJUS _fJUS _2ddc _n |
||
| 999 |
_c7978 _d7978 |
||